| Tag |
First Indicator |
Second Indicator |
Subfields |
| LEADER |
00000cam a2200000Ia 4500 |
| 001 |
in00002784071 |
| 005 |
20150922145303.0 |
| 008 |
990125s1993 sw ab j 000 0dswe d |
| 020 |
|
|
|a 9177123735
|
| 020 |
|
|
|a 9789177123736
|
| 035 |
|
|
|a (OCoLC)ocn820732188
|
| 040 |
|
|
|a TXA
|c TXA
|d UtOrBLW
|
| 043 |
|
|
|a e-uk-en
|
| 049 |
|
|
|a TXAM
|
| 090 |
|
|
|a PR2915
|b .J66 1993
|
| 100 |
1 |
|
|a Jonsson, Marita.
|
| 245 |
1 |
0 |
|a Besök William Shakespeare! /
|c text: Marita Jonsson ; bild: Nanna Nore.
|
| 264 |
|
1 |
|a Stockholm :
|b Alfabeta,
|c [1993]
|
| 264 |
|
4 |
|c ©1993
|
| 300 |
|
|
|a 43 pages :
|b color illustrations, color map ;
|c 25 cm.
|
| 336 |
|
|
|a text
|b txt
|2 rdacontent
|
| 337 |
|
|
|a unmediated
|b n
|2 rdamedia
|
| 338 |
|
|
|a volume
|b nc
|2 rdacarrier
|
| 500 |
|
|
|a Map displaying English sites relevant to Shakespeare printed at both beginning and end of book.
|
| 600 |
1 |
0 |
|a Shakespeare, William,
|d 1564-1616
|x Homes and haunts
|z England
|v Juvenile literature.
|
| 600 |
1 |
0 |
|a Shakespeare, William,
|d 1564-1616
|x Homes and haunts
|z England
|v Pictorial works
|v Juvenile literature.
|
| 700 |
1 |
|
|a Nore, Nanna,
|d 1977-
|
| 948 |
|
|
|a cataloged
|b h
|c 2012/12/10
|d o
|e jmarner
|f 4:41:18 pm
|
| 994 |
|
|
|a C0
|b TXA
|
| 999 |
|
|
|a MARS
|
| 999 |
f |
f |
|s beb83c90-15db-326f-b9b5-7dd055075c10
|i f04a9109-c883-3866-be9c-0180dc0c0197
|t 0
|
| 952 |
f |
f |
|p normal
|a Texas A&M University
|b College Station
|c Sterling C. Evans Library
|d Evans: Library Stacks
|t 0
|e PR2915 .J66 1993
|h Library of Congress classification
|i unmediated -- volume
|m A14841467242
|
| 998 |
f |
f |
|a PR2915 .J66 1993
|t 0
|l Evans: Library Stacks
|